000 04849nam a22007335i 4500
001 978-3-032-00427-7
003 DE-He213
005 20260304124620.0
007 cr nn 008mamaa
008 251105s2025 sz | s |||| 0|eng d
020 _a9783032004277
_9978-3-032-00427-7
024 7 _a10.1007/978-3-032-00427-7
_2doi
050 4 _aHM846-851
072 7 _aJF
_2bicssc
072 7 _aSOC000000
_2bisacsh
072 7 _aJB
_2thema
082 0 4 _a303.483
_223
100 1 _ade Miranda, Luis.
_eauthor.
_4aut
_4http://id.loc.gov/vocabulary/relators/aut
_923879
245 1 0 _aCrealectics as a Creative Method
_h[electronic resource] :
_bA New Approach to Holistic Innovation for Compossible Worlds /
_cby Luis de Miranda.
250 _a1st ed. 2025.
264 1 _aCham :
_bSpringer Nature Switzerland :
_bImprint: Palgrave Macmillan,
_c2025.
300 _aVII, 149 p. 11 illus., 10 illus. in color.
_bonline resource.
336 _atext
_btxt
_2rdacontent
337 _acomputer
_bc
_2rdamedia
338 _aonline resource
_bcr
_2rdacarrier
341 0 _bPDF/UA-1
_2onix
341 0 _bTable of contents navigation
_2onix
341 0 _bSingle logical reading order
_2onix
341 0 _bShort alternative textual descriptions
_2onix
341 0 _bUse of color is not sole means of conveying information
_2onix
341 0 _bUse of high contrast between text and background color
_2onix
341 0 _bNext / Previous structural navigation
_2onix
341 0 _bAll non-decorative content supports reading without sight
_2onix
347 _atext file
_bPDF
_2rda
490 1 _aPalgrave Advances in Possibility Studies,
_x3091-258X
505 0 _aChapter 1: Introduction -- Chapter 2: Resetting -- Chapter 3: Crealing -- Chapter 4: Profusing -- Chapter 5: Compossibilizing -- Chapter 6: Realizing -- Chapter 7: Conclusion: The Pluriverse of Compossible Worlds.
506 0 _aOpen Access
520 _aThis open access book introduces crealectics, a new creative methodology that bridges philosophical depth with practical innovation. Drawing on Leibniz's concept of compossibility – the idea that not everything possible can coexist in the same world –the author develops a five-phase approach to holistic innovation: resetting, crealing, profusing, compossibilizing, and realizing. Tested through real-world applications including case studies with Vattenfall R&D, the crealectic method offers an alternative to purely analytical or dialectical approaches to innovation, what the author calls “inner-novation." The book presents the C.I.P.H.E.R. model (Crealectic Intelligence and Philosophical Health for Eudynamic Realities), demonstrating how individual transformation and collective innovation can work together to create "the best of compossible worlds." This interdisciplinary work contributes to possibility studies, sustainability thinking, and innovation methodology, offering practical tools for academics, practitioners, and students seeking approaches to creative problem-solving that honor both diversity and coherence.
532 8 _aAccessibility summary: This PDF has been created in accordance with the PDF/UA-1 standard to enhance accessibility, including screen reader support, described non-text content (images, graphs), bookmarks for easy navigation, keyboard-friendly links and forms and searchable, selectable text. We recognize the importance of accessibility, and we welcome queries about accessibility for any of our products. If you have a question or an access need, please get in touch with us at accessibilitysupport@springernature.com. Please note that a more accessible version of this eBook is available as ePub.
532 8 _aNo reading system accessibility options actively disabled
532 8 _aPublisher contact for further accessibility information: accessibilitysupport@springernature.com
650 0 _aTechnology
_xSociological aspects.
650 0 _aTechnology
_xPhilosophy.
650 0 _aEnvironmental sciences
_xSocial aspects.
650 0 _aCritical Thinking.
_921636
650 0 _aPsychology, Industrial.
650 1 4 _aScience, Technology and Society.
650 2 4 _aPhilosophy of Technology.
650 2 4 _aEnvironmental Social Sciences.
650 2 4 _aCritical Thinking.
_921636
650 2 4 _aOrganizational Psychology.
710 2 _aSpringerLink (Online service)
773 0 _tSpringer Nature eBook
776 0 8 _iPrinted edition:
_z9783032004260
776 0 8 _iPrinted edition:
_z9783032004284
776 0 8 _iPrinted edition:
_z9783032004291
830 0 _aPalgrave Advances in Possibility Studies,
_x3091-258X
_923880
856 4 0 _uhttps://doi.org/10.1007/978-3-032-00427-7
912 _aZDB-2-SLS
912 _aZDB-2-SXS
912 _aZDB-2-SOB
999 _c579901
_d579901